| 000 | 00413nam a2200181Ia 4500 | ||
|---|---|---|---|
| 001 | 7784 | ||
| 005 | 20260306160520.0 | ||
| 008 | 260306t1999||||xx |||||||||||||| ||spa|| | ||
| 041 | _aESP | ||
| 082 |
_a362.1 _bV32 |
||
| 100 |
_aVargas Tizón, Virginia _eAUT |
||
| 245 | 0 | _aEducación para la salud | |
| 260 | _c1999 | ||
| 300 |
_apágs. : _ccm. |
||
| 650 | _aGEN | ||
| 654 | _aCPS | ||
| 942 |
_cLIB _dJUS _fJUS _2ddc _n |
||
| 999 |
_c7784 _d7784 |
||